ARRUPE JESUIT UNIVERSITY

CORONAVIRUS -STOP THE SPREAD - CLEAN,DISINFECT,COVER

The Word in the cave (Record no. 7494)

MARC details
000 -LEADER
fixed length control field 00726nam a2200241Ia 4500
003 - CONTROL NUMBER IDENTIFIER
control field 0100
005 - DATE AND TIME OF LATEST TRANSACTION
control field 20141014020004.0
008 - FIXED-LENGTH DATA ELEMENTS--GENERAL INFORMATION
fixed length control field 130303s9999 xx 000 0 und d
020 ## - INTERNATIONAL STANDARD BOOK NUMBER
International Standard Book Number 8185574162
040 ## - CATALOGING SOURCE
Transcribing agency ARRUPELIB
050 ## - LIBRARY OF CONGRESS CALL NUMBER
Classification number BR128. H5K35 1996
300 ## - PHYSICAL DESCRIPTION
Other physical details 26cm
100 ## - MAIN ENTRY--PERSONAL NAME
Personal name Kalliath, Antony
9 (RLIN) 8257
245 #4 - TITLE STATEMENT
Title The Word in the cave
245 ## - TITLE STATEMENT
Remainder of title the experiential journey of Swami Abhishikt ananda to the point of Hindu-
260 ## - PUBLICATION, DISTRIBUTION, ETC. (IMPRINT)
Place of publication, distribution, etc New Delhi
260 ## - PUBLICATION, DISTRIBUTION, ETC. (IMPRINT)
Name of publisher, distributor, etc Intercultural Publications
300 ## - PHYSICAL DESCRIPTION
Extent 468p
650 ## - SUBJECT ADDED ENTRY--TOPICAL TERM
Topical term or geographic name as entry element Christianity and other religions
9 (RLIN) 8258
650 ## - SUBJECT ADDED ENTRY--TOPICAL TERM
Topical term or geographic name as entry element Hinduism
General subdivision Relations
-- Christianity
-- Abhishiktananda, Swami
9 (RLIN) 8259
700 ## - ADDED ENTRY--PERSONAL NAME
Personal name Antony Kalliath
9 (RLIN) 8260
942 ## - ADDED ENTRY ELEMENTS (KOHA)
Source of classification or shelving scheme Library of Congress Classification
Koha item type Monograph ( Printed materials)
Koha issues (borrowed), all copies 1
Holdings
Withdrawn status Lost status Source of classification or shelving scheme Damaged status Not for loan Collection code Home library Current library Date acquired Total Checkouts Full call number Barcode Date last seen Date checked out Copy number Price effective from Koha item type
    Library of Congress Classification     Main Collection ARRUPE LIBRARY ARRUPE LIBRARY 04/03/2013 1 BR128. H5K35 1996 46500008442 15/11/2016 13/10/2014 1 04/03/2013 Monograph ( Printed materials)

 

Arrupe Library. PO Box MP320 Mt Pleasant, Harare, Zimbabwe
263 242 745411|librarian@aju.ac.zw